000 01080nas a2200313 4500
001 BR2013008155
003 BR-BrBNA
005 20231205123047.0
007 ta
008 230509b bl.|||p| |||| 00| 00por d
040 _aBR-BrBNA
_bpor
_cBiblioteca Nacional de Agricultura
041 _a(Pt)
072 _aK50
100 1 _aBechara, F.C.
100 1 _aTiepo, E.N.
100 1 _aReis, A.
245 1 _aContribuição ao manejo sustentável do complexo ferruginoso nectandra na floresta nacional de Ibirama, SC
246 1 _aContribution to sustainable forest management of the nectandra ferruginous complex in the Ibirama National Forest, SC, Brazil
650 _aFLORESTA
650 _aMADEIRA
650 _aLAURACEAE
650 _aMANEJO
650 _aPRODUTO FLORESTAL
650 _a
773 0 _tRevista Árvore (Brazil)
_xISSN 0100-6762
_g(Jan-Feb 2009), v. 33(1) p. 125-132
_wBR2013008155
856 4 _uhttp://www.scielo.br/pdf/rarv/v33n1/v33n1a13.pdf
_yRecurso eletrônico (PDF)
909 _a202311
_bLúcia
_c55
_dLúcia Elande
942 _2AGRIS
_n0
_cANA
999 _c231984
_d231984